书目信息 |
| 题名: |
就业?创业?
|
|
| 作者: | 赵勇 著 ;周珊珊 , 王艺璇 译 | |
| 分册: | ||
| 出版信息: | 北京 教育科学出版社 2014.01 |
|
| 页数: | 254页 | |
| 开本: | 24cm | |
| 丛书名: | ||
| 单 册: | ||
| 中图分类: | G571.21 , G511 | |
| 科图分类: | ||
| 主题词: | 教育改革--研究--美国 , 教育事业--发展--世界 , 教育改革 , 教育事业 | |
| 电子资源: | ||
| ISBN: | 978-7-5041-7920-3 | |
| 000 | 01341nam0 2200337 450 | |
| 001 | 0108153904 | |
| 005 | 20210308154401.0 | |
| 010 | @a978-7-5041-7920-3@dCNY39.80 | |
| 100 | @a20140702e20192014em y0chiy50 ea | |
| 101 | 1 | @achi@ceng |
| 102 | @aCN@b110000 | |
| 105 | @ay z 000yy | |
| 106 | @ar | |
| 200 | 1 | @a就业?创业?@Ajiu ye ? chuang ye ?@e从美国教改的迷失看世界教育的趋势@dWorld class learners@eeducating creative and entrepreneurial students@f赵勇著@g周珊珊,王艺璇译@zeng |
| 210 | @a北京@c教育科学出版社@d2014.01@h2019.01 | |
| 215 | @a254页@d24cm | |
| 305 | @aCorwin Press授权翻译出版 | |
| 330 | @a本书表达了作者对中国、韩国、新加坡、香港以及其他一些国家和地区所进行的教育改革的欣赏和支持,并指出了标准化和统一考试给教育带来的危害。 | |
| 510 | 1 | @aWorld class learners@eeducating creative and entrepreneurial students@zeng |
| 517 | 1 | @a从美国教改的迷失看世界教育的趋势@Acong mei guo jiao gai de mi shi kan shi jie jiao yu de qu shi |
| 606 | 0 | @a教育改革@x研究@y美国 |
| 606 | 0 | @a教育事业@x发展@y世界 |
| 606 | 0 | @a教育改革 |
| 606 | 0 | @a教育事业 |
| 690 | @aG571.21@v5 | |
| 690 | @aG511@v5 | |
| 701 | 0 | @c(美)@a赵勇@Azhao yong@c(教育学)@4著 |
| 702 | 0 | @a周珊珊@Azhou shan shan@c(英语)@4译 |
| 702 | 0 | @a王艺璇@Awang yi xuan@4译 |
| 801 | 0 | @aCN@bBJSZM@c20210308 |
| 905 | @b1271456-60@dG571.21@e106@f5 | |
| 就业?创业?:从美国教改的迷失看世界教育的趋势=World class learners:educating creative and entrepreneurial students/赵勇著/周珊珊,王艺璇译.-北京:教育科学出版社,2014.01(2019.01) |
| 254页;24cm |
| ISBN 978-7-5041-7920-3:CNY39.80 |
| 本书表达了作者对中国、韩国、新加坡、香港以及其他一些国家和地区所进行的教育改革的欣赏和支持,并指出了标准化和统一考试给教育带来的危害。 |
| ● |
| 相关链接 |
|
|
|
|
正题名:就业?创业?
索取号:G571.21/106
 
预约/预借
| 序号 | 登录号 | 条形码 | 馆藏地/架位号 | 状态 | 备注 |
| 1 | 1271456 | 212714561 | 第一样本阅览室/ [索取号:G571.21/106] | 在馆 | |
| 2 | 1271457 | 212714570 | 教育系资料室/ [索取号:G571.21/106] | 在馆 | |
| 3 | 1271458 | 212714589 | 教育系资料室/ [索取号:G571.21/106] | 在馆 | |
| 4 | 1271459 | 212714598 | 第四借阅区/ [索取号:G571.21/106] | 在馆 |